• 首页
  • 本馆介绍
  • 公告通知
  • 最新文献
  • 馆藏检索
  • 电子资源
  • 读者导购
  • 参考咨询
  • 我的图书馆
  • 登录
  • 详细信息显示
  • 放入我的书架
  • 预约/预借图书
  • 作者相关作品
  • 分类相关作品
  • 丛书相关作品
  • 出版社相关作品

书目信息

  • 表格格式
  • 工作单格式
  • 卡片格式
题名:
工业菌种制备技术
    
 
作者: 徐安书 编著
分册:  
出版信息: 北京   化学工业出版社  2016.3
页数: 244页
开本: 26cm
丛书名:
单 册:
中图分类: Q939.97
科图分类:
主题词: 工业--微生物学--菌种--制备--高等职业教育--教材
电子资源:
ISBN: 978-7-122-19087-1
000 01123nam0 2200265 450
001 0400003003
005 20171021171618.0
010    @a978-7-122-19087-1@dCNY39.00
100    @a20160415d2016 em y0chiy50 ea
101 0  @achi
102    @aCN@b110000
105    @aa z 000yy
106    @ar
200 1  @a工业菌种制备技术@9gong ye jun zhong zhi bei ji shu@f徐安书编著
210    @a北京@c化学工业出版社@d2016.3
215    @a244页@c图@d26cm
300    @a重庆市示范性高职院校优质核心课程系列教材
307    @a实际页数为:245
320    @a有书目(第245页)
330    @a本书重点介绍了工业上常用的细菌、放线菌、霉菌和酵母菌四大类微生物,包括微生物形态构造、培养基制备、消毒灭菌、菌种选育、菌种分离筛选和纯培养、菌种的保藏、菌种的扩大培养等,并根据生产实际和能力培养需要,设计了23个实训项目。通过学习,学生不仅能够树立工程思想观念,而且还能具有工业微生物菌种制备技术的操作能力,为进一步学习后续的发酵技术专业课程打下基础。
606 0  @a工业@x微生物学@x菌种@x制备@x高等职业教育@j教材
690    @aQ939.97@v5
701  0 @a徐安书@9xu an shu@4编著
801  0 @aCN@b91MARC@c20171021
905    @b1033115-9@dQ939.97@f5@e90
    
    工业菌种制备技术/徐安书编著.-北京:化学工业出版社,2016.3
    244页:图;26cm
    重庆市示范性高职院校优质核心课程系列教材
    
    ISBN 978-7-122-19087-1:CNY39.00
    本书重点介绍了工业上常用的细菌、放线菌、霉菌和酵母菌四大类微生物,包括微生物形态构造、培养基制备、消毒灭菌、菌种选育、菌种分离筛选和纯培养、菌种的保藏、菌种的扩大培养等,并根据生产实际和能力培养需要,设计了23个实训项目。通过学习,学生不仅能够树立工程思想观念,而且还能具有工业微生物菌种制备技术的操作能力,为进一步学习后续的发酵技术专业课程打下基础。
●
相关链接 在E读中查询图书 在五车中查询图书 在当当中查询图书 在豆瓣中查询图书


正题名:工业菌种制备技术     索取号:Q939.97/90         预约/预借

序号 登录号 条形码 馆藏地/架位号 状态 备注
1 1033115   210331158   第二样本阅览室/ [索取号:Q939.97/90] 在馆    
2 1033116   210331167   密集书库-生命科学系/ [索取号:Q939.97/90] 在馆    
3 1033117   210331176   第三借阅区/ [索取号:Q939.97/90] 在馆    
4 1033118   210331185   第三借阅区/ [索取号:Q939.97/90] 在馆    
5 1033119   210331194   第三借阅区/ [索取号:Q939.97/90] 在馆    
唐山师范学院图书馆 欢迎您!
大连网信软件有限公司© 版权所有